Statistiques concernant Pays par une seule indice #2

Cliquez ici pour prendre le quiz!

Statistiques générales

  • Ce quiz a été pris 252 fois
  • Le résultat moyen est 11 sur 20

Statistiques - réponses

indicepays% Correct
Le plus petit pays au mondeVatican
98%
La plus grande île de l'océan IndienMadagascar
81%
Occupe environ 2/3 de la région de la PatagonieArgentine
78%
Le plus petit pays des AlpesLiechtenstein
76%
Ce pays insulaire en Afrique était inhabité jusqu'à ce qu'il soit découvert par le PortugalCabo Verde
74%
Le complexe du temple d'Angkor Wat est situé iciCambodge
72%
Sa capitale a les initiales KLMalaisie
67%
Historiquement appelé Russie blancheBiélorussie
64%
Fontvieille est un quartier de cette ville-étatMonaco
61%
Sa frontière nord est une zone démilitariséeCorée du Sud
59%
Sa capitale est LuandaAngola
58%
Pays le plus au sud de la mer des CaraïbesTrinité-et-Tobago
51%
A remporté le plus de médailles d'or olympiques en ski alpinAutriche
48%
Appelé Aux antipodes ou The land down underAustralie
42%
Sa deuxième plus grande ville est MombasaKenya
37%
Le Premier ministre Hashim Thaçi a déclaré son pays indépendant en 2008Kosovo
35%
Ses deux plus grandes villes commencent par HViêt Nam
24%
Contient les villes de Dunedin, Rotorua et WhangareiNouvelle-Zélande
19%
Ce pays a été envahi par les États-Unis en 1983Grenade
15%
80% du pays a été exploité pour le phosphateNauru
8%

Distribution des résultats

Percentile par nombre de réponses

% des personnes avec chaque résultat

Votre développement - résultats

Vous n’avez pas pris ce quiz